Instrumentation for Engineering Measurements / (Record no. 4071)
[ view plain ]
| 000 -LEADER | |
|---|---|
| fixed length control field | 00746nac a22002051u 4500 |
| 008 - FIXED-LENGTH DATA ELEMENTS--GENERAL INFORMATION | |
| fixed length control field | 130122b1993 nyu||||| |||| 001 0 eng d |
| 010 ## - LIBRARY OF CONGRESS CONTROL NUMBER | |
| LC control number | 92032673 |
| 020 ## - INTERNATIONAL STANDARD BOOK NUMBER | |
| International Standard Book Number | 0471551929 |
| 082 00 - DEWEY DECIMAL CLASSIFICATION NUMBER | |
| Classification number | 681.2 |
| Item number | DAL |
| Edition number | 22 |
| 100 ## - MAIN ENTRY--PERSONAL NAME | |
| Personal name | Dally, James W. |
| 9 (RLIN) | 31988 |
| 245 10 - TITLE STATEMENT | |
| Title | Instrumentation for Engineering Measurements / |
| Statement of responsibility, etc | James W. Dally, William F. Riley, Kenneth G. McConnell. |
| 250 ## - EDITION STATEMENT | |
| Edition statement | 2nd ed. |
| 260 ## - PUBLICATION, DISTRIBUTION, ETC. (IMPRINT) | |
| Place of publication, distribution, etc | New York : |
| Name of publisher, distributor, etc | Wiley,c1993. |
| Date of publication, distribution, etc | c1993. |
| 300 ## - PHYSICAL DESCRIPTION | |
| Extent | xxi, 584 p. : |
| Other physical details | ill. ; |
| Dimensions | 26 cm. |
| 504 ## - BIBLIOGRAPHY, ETC. NOTE | |
| Bibliography, etc | Includes bibliographical references and indexes. |
| 650 #0 - SUBJECT ADDED ENTRY--TOPICAL TERM | |
| Topical term or geographic name as entry element | Engineering instruments. |
| 9 (RLIN) | 29415 |
| 700 1# - ADDED ENTRY--PERSONAL NAME | |
| Personal name | Riley, William F. |
| Fuller form of name | (William Franklin), |
| Dates associated with a name | 1925- |
| 9 (RLIN) | 31989 |
| 700 1# - ADDED ENTRY--PERSONAL NAME | |
| Personal name | McConnell, Kenneth G. |
| 9 (RLIN) | 31990 |
| 942 ## - ADDED ENTRY ELEMENTS (KOHA) | |
| Item type | Book - Borrowing |
| Call number prefix | 681.2 DAL |
| Source of classification or shelving scheme | Dewey Decimal Classification |
| Withdrawn status | Item status | Damaged status | Not for loan | Home library | Current library | Shelving location | Date acquired | Source of acquisition | Total Checkouts | Total Renewals | Full call number | Barcode | Date last seen | Date last borrowed | Koha item type |
|---|---|---|---|---|---|---|---|---|---|---|---|---|---|---|---|
| Central Library | Central Library | First floor | 19/08/2007 | Purchase | 1 | 2 | 681.2 DAL | 000000084 | 15/07/2025 | 05/12/2018 | Book - Borrowing | ||||
| Central Library | Central Library | First floor | 19/08/2007 | Purchase | 681.2 DAL | 000005242 | 15/07/2025 | Book - Borrowing | |||||||
| Central Library | Central Library | First floor | 07/09/2010 | Purchase | 1 | 37 | 681.2 DAL | 000005303 | 15/07/2025 | 22/11/2014 | Book - Borrowing |